000 00989nas a2200313 4500
001 BR2015003476
003 BR-BrBNA
005 20231205125457.0
007 ta
008 230509b bl.|||p| |||| 00| 00por d
040 _aBR-BrBNA
_bpor
_cBiblioteca Nacional de Agricultura
041 _a(En)
072 _aK50; U10
100 1 _aChristoforo, A.L.
100 1 _aPanzera, T.H.
100 1 _aBatista, F.B.
100 1 _aBorges, P.H.R.
100 1 _aLahr, F.A.R.
245 1 _aNumerical evaluation of the modulus of longitudinal elasticity in structural round timber elements of the Eucalyptus genus
650 _aMADEIRA
650 _aMODELO MATEMATICO
650 _aRESISTENCIA
650 _aANALISE
650 _aEUCALIPTO
773 0 _tEngenharia Agrícola (Brazil)
_xISSN 1809-4430
_g(Sep-Oct 2011), v. 31(5) p. 1007-1014
_wBR2015003476
856 4 0 _uhttp://www.scielo.br/pdf/eagri/v31n5/18.pdf
909 _a202311
_bLúcia
_c55
_dLúcia Elande
942 _2AGRIS
_n0
_cANA
999 _c244563
_d244563